Dibujos de M. Peláez / (Record no. 177330)

MARC details
000 -LEADER
campo de control de longitud fija 01085nam a2200277 i 4500
001 - NÚMERO DE CONTROL
campo de control 177330
003 - IDENTIFICADOR DE NÚMERO DE CONTROL
campo de control ES-MaACL
005 - FECHA Y HORA DE LA ÚLTIMA TRANSACCIÓN
campo de control 20250815121304.0
007 - CAMPO FIJO DE DESCRIPCIÓN FÍSICA--INFORMACIÓN GENERAL
campo de control de longitud fija t|
008 - DATOS DE LONGITUD FIJA--INFORMACIÓN GENERAL
campo de control de longitud fija 110315s1975 sp af ||||1| spa d
020 ## - NÚMERO INTERNACIONAL ESTÁNDAR DEL LIBRO
Número Internacional Estándar del Libro 84-256-0256-3
080 ## - NÚMERO DE LA CLASIFICACIÓN DECIMAL UNIVERSAL
Número de la Clasificación Decimal Universal 74 Peláez, Mariano
080 ## - NÚMERO DE LA CLASIFICACIÓN DECIMAL UNIVERSAL
Número de la Clasificación Decimal Universal 75 Peláez, Mariano
100 1# - ENTRADA PRINCIPAL--NOMBRE DE PERSONA
Nombre de persona Peláez, Mariano.
9 (RLIN) 145651
245 10 - MENCIÓN DEL TÍTULO
Título Dibujos de M. Peláez /
Mención de responsabilidad, etc. por Joaquín de la Puente.
260 ## - PUBLICACIÓN, DISTRIBUCIÓN, ETC.
Lugar de publicación, distribución, etc. Madrid :
Nombre del editor, distribuidor, etc. Ibérico Europea de Ediciones,
Fecha de publicación, distribución, etc. cop. 1975.
300 ## - DESCRIPCIÓN FÍSICA
Extensión [40] p. :
Otras características físicas principalmente il. bl. y n. ;
Dimensiones 31 cm.
490 1# - MENCIÓN DE SERIE
Mención de serie Maestros contemporáneos del dibujo y la pintura ;
Designación de volumen o secuencia 38
500 ## - NOTA GENERAL
Nota general Encuadernado con otros títulos.
597 ## - NOTA DE DESCRIPCIÓN FÍSICA
NOTA DE DESCRIPCIÓN FÍSICA En el lomo: Zacarías González, Pedro Gastó, Baeza, Miguel Villà, Benet, García Llort, Joan Brotat, Mariano Peláez, Ginés Parra, Sobrado.
600 04 - PUNTO DE ACCESO ADICIONAL DE MATERIA--NOMBRE DE PERSONA
Nombre de persona Peláez, Mariano.
9 (RLIN) 145651
700 0# - ENTRADA AGREGADA--NOMBRE PERSONAL
Nombre de persona Puente, Joaquín de la.
9 (RLIN) 94146
830 00 - PUNTO DE ACCESO ADICIONAL DE SERIE-TÍTULO UNIFORME
Título uniforme Maestros contemporáneos del dibujo y la pintura
Designación de volumen o secuencia 38
9 (RLIN) 190405
852 ## - LOCALIZACIÓN
Ubicación ES-MaACL
Número de control de estantería E-14689 (8)
Encuadernación Olim P-1071
Holdings
Estatus retirado Estado de pérdida Estado de daño No para préstamo Biblioteca de origen Biblioteca actual Ubicación en estantería Fecha de adquisición Fuente de adquisición Total de préstamos Signatura topográfica completa Código de barras Visto por última vez Precio de reemplazo Tipo de ítem Koha
        Biblioteca del Ateneo de Madrid Biblioteca del Ateneo de Madrid Depósito 2 15/03/2011     E-14689 (8) 1186247 23/02/2023 23/02/2023 Libro impreso